Barnet Underground Stations Quiz Stats

 Plays Quiz not verified by Sporcle

Score 0/13 Timer 04:00
0 Plays Today
Station % Correct
High Barnet
96.9%
Finchley Central
92%
East Finchley
90.7%
Totteridge and Whetstone
90.1%
West Finchley
88.9%
Edgware
88.3%
Mill Hill East
86.4%
Brent Cross
83.3%
Colindale
82.1%
Woodside Park
82.1%
Burnt Oak
80.2%
Golders Green
79%
Hendon Central
75.9%

You're not logged in!

Compare scores with friends on all Sporcle quizzes.
OR
Log In

Show Comments

Extras

Top Quizzes Today


Score Distribution

Your Account Isn't Verified!

In order to create a playlist on Sporcle, you need to verify the email address you used during registration. Go to your Sporcle Settings to finish the process.

Report this User

Report this user for behavior that violates our Community Guidelines.

Details: